Building party systems in developing democracies / (Record no. 21795)
[ view plain ]
| 000 -LEADER | |
|---|---|
| fixed length control field | 00959cam a22002775a 4500 |
| 001 - CONTROL NUMBER | |
| control field | 016822130 |
| 003 - CONTROL NUMBER IDENTIFIER | |
| control field | OSt |
| 005 - DATE AND TIME OF LATEST TRANSACTION | |
| control field | 20160522150601.0 |
| 008 - FIXED-LENGTH DATA ELEMENTS--GENERAL INFORMATION | |
| fixed length control field | 140801s2014 nyua frb f001 0 eng d |
| 020 ## - INTERNATIONAL STANDARD BOOK NUMBER | |
| International Standard Book Number | 9781107437104 (pbk.) |
| 040 ## - CATALOGING SOURCE | |
| Original cataloging agency | StDuBDS |
| Language of cataloging | eng |
| Transcribing agency | StDuBDS |
| Modifying agency | EG-ScBUE |
| 082 04 - DEWEY DECIMAL CLASSIFICATION NUMBER | |
| Edition number | 22 |
| Classification number | 324.204 |
| Item number | HIC |
| 100 1# - MAIN ENTRY--PERSONAL NAME | |
| Personal name | Hicken, Allen, |
| Dates associated with a name | 1969- |
| 9 (RLIN) | 40058 |
| 245 10 - TITLE STATEMENT | |
| Title | Building party systems in developing democracies / |
| Statement of responsibility, etc | Allen Hicken. |
| 250 ## - EDITION STATEMENT | |
| Edition statement | 1st paperback ed. |
| 260 ## - PUBLICATION, DISTRIBUTION, ETC. (IMPRINT) | |
| Place of publication, distribution, etc | New York : |
| Name of publisher, distributor, etc | Cambridge University Press, |
| Date of publication, distribution, etc | 2014. |
| 300 ## - PHYSICAL DESCRIPTION | |
| Extent | xi, 207 p. : |
| Other physical details | ill. ; |
| Dimensions | 23 cm. |
| 500 ## - GENERAL NOTE | |
| General note | Index : p. 205-207. |
| 504 ## - BIBLIOGRAPHY, ETC. NOTE | |
| Bibliography, etc | Bibliography : p. 187-203. |
| 650 #7 - SUBJECT ADDED ENTRY--TOPICAL TERM | |
| Topical term or geographic name as entry element | Political parties |
| Geographic subdivision | Thailand. |
| Source of heading or term | BUEsh |
| 9 (RLIN) | 40059 |
| 650 #7 - SUBJECT ADDED ENTRY--TOPICAL TERM | |
| Topical term or geographic name as entry element | Political parties |
| Geographic subdivision | Philippines. |
| Source of heading or term | BUEsh |
| 9 (RLIN) | 40060 |
| 651 #7 - SUBJECT ADDED ENTRY--GEOGRAPHIC NAME | |
| Geographic name | Thailand |
| General subdivision | Politics and government |
| Chronological subdivision | 1988- |
| Source of heading or term | BUEsh |
| 9 (RLIN) | 40061 |
| 651 #7 - SUBJECT ADDED ENTRY--GEOGRAPHIC NAME | |
| Geographic name | Philippines |
| General subdivision | Politics and government |
| Chronological subdivision | 1986- |
| Source of heading or term | BUEsh |
| 9 (RLIN) | 40062 |
| 653 ## - INDEX TERM--UNCONTROLLED | |
| Resource For college | BAEPS, Political Science |
| Arrived date list | May2016 |
| 942 ## - ADDED ENTRY ELEMENTS (KOHA) | |
| Source of classification or shelving scheme | Dewey Decimal Classification |
| Withdrawn status | Item status | Source of classification or shelving scheme | Damaged status | Not for loan | Vendor | Home library | Current library | Shelving location | Date acquired | Source of acquisition | Cost, normal purchase price | Serial Enumeration / chronology | Total Checkouts | Full call number | Barcode | Date last seen | Cost, replacement price | Koha item type |
|---|---|---|---|---|---|---|---|---|---|---|---|---|---|---|---|---|---|---|
| Dewey Decimal Classification | Alahram | Central Library | Central Library | First floor | 22/05/2016 | Purchase | 247.00 | 2 | 324.204 HIC | 000032559 | 15/07/2025 | 308.75 | Book - Borrowing |